00309nam a22001217a 450000500170000000800410001704100130005808200130007110000130008424500400009730000250013765000250016220240829070405.0240829b |||||||| |||| 00| 0 eng d aEnglish  a349 LAW  lEnglish  aThe Laws of South West Africa 1928  b637 pages; c25 cm.  aLegal practice bLaw